000 00746nam-a2200205-a-4500
001 000161708
003 AM-YeHGA
005 20250617162423.0
008 990402s1957 xxu 000 0 rus u
020 _c16.80
040 _aAM-YeHGA
100 1 _aБреслер, Семен Ефимович
245 1 0 _aРадиоактивные элементы /
_cС.Е. Бреслер.
250 _a3-е изд., перераб.
260 _aМосква :
_bГос.изд. технико-теор. лит.,
_c1957.
300 _a550[1] с. :
_bил.
504 _aБиблиогр. в конце глав
650 1 4 _aРадиоактивные элементы. Радиоактивные изотопы. Актиниды
090 _c492522
999 _c489151
_d489151